Fundamentos de la teoría y del cálculo de fiabilidad de elementos y dispositivos de automatización y técnica del cálculo / (Record no. 145170)

MARC details
000 -LEADER
campo de control de longitud fija 00586nam a2200157 4500
001 - NÚMERO DE CONTROL
campo de control 145170
003 - IDENTIFICADOR DE NÚMERO DE CONTROL
campo de control ES-MaACL
007 - CAMPO FIJO DE DESCRIPCIÓN FÍSICA--INFORMACIÓN GENERAL
campo de control de longitud fija t|
008 - DATOS DE LONGITUD FIJA--INFORMACIÓN GENERAL
campo de control de longitud fija 070214s1972 xxr r ||||1| spa d
100 1# - ENTRADA PRINCIPAL--NOMBRE DE PERSONA
Nombre de persona Sotskov, Boris Stepanovich.
9 (RLIN) 107549
245 10 - MENCIÓN DEL TÍTULO
Título Fundamentos de la teoría y del cálculo de fiabilidad de elementos y dispositivos de automatización y técnica del cálculo /
Mención de responsabilidad, etc. Boris Stepanovich Sotskov ; traducción del ruso por A. Grdian.
260 ## - PUBLICACIÓN, DISTRIBUCIÓN, ETC.
Lugar de publicación, distribución, etc. Moscú :
Nombre del editor, distribuidor, etc. Mir,
Fecha de publicación, distribución, etc. 1972.
300 ## - DESCRIPCIÓN FÍSICA
Extensión 262 p. :
Otras características físicas il. ;
Dimensiones 22 cm.
700 1# - ENTRADA AGREGADA--NOMBRE PERSONAL
Nombre de persona Grdian, A.
9 (RLIN) 59814
852 ## - LOCALIZACIÓN
Ubicación ES-MaACL
Número de control de estantería E-5361
Sublocalización o colección R.89376
Holdings
Estatus retirado Estado de pérdida Estado de daño No para préstamo Biblioteca de origen Biblioteca actual Ubicación en estantería Fecha de adquisición Fuente de adquisición Total de préstamos Signatura topográfica completa Código de barras Visto por última vez Precio de reemplazo Tipo de ítem Koha
        Biblioteca del Ateneo de Madrid Biblioteca del Ateneo de Madrid Depósito 2 17/01/2008     E-5361 1151535 23/02/2023 23/02/2023 Libro impreso